[Event "Monteolivete op 3rd"]
[Site "Alboraia"]
[Date "2023.07.18"]
[Round "3"]
[White "Miranda Herrera, Miguel"]
[Black "Senthil, Maran K"]
[Result "1/2-1/2"]
[WhiteElo "2046"]
[BlackElo "2287"]
[PlyCount "105"]
[EventDate "2023.07.17"]
[EventType "swiss"]
[EventRounds "9"]
[EventCountry "ESP"]
[SourceTitle "CBM 215 Extra"]
[Source "ChessBase"]
[SourceDate "2023.09.30"]
[SourceVersion "1"]
[SourceVersionDate "2023.09.30"]
[SourceQuality "1"]

1. e4 c6 2. d4 d5 3. e5 Bf5 4. h4 h5 5. Bd3 Bxd3 6. Qxd3 Qa5+ 7. Nd2 e6 8. Ngf3 Qa6 9. c4 Nh6 10. 0-0 Nd7 11. b3 Nf5 12. a4 Be7 13. Ba3 Bxa3 14. Rxa3 0-0 15. b4 Qb6 16. Rb1 dxc4 17. Nxc4 Qc7 18. Ne3 Nxe3 19. fxe3 Rfd8 20. Ng5 Nf8 21. Qe2 f6 22. exf6 gxf6 23. Ne4 Qg7 24. Qxh5 Rd5 25. Qg4 Kh8 26. Qxg7+ Kxg7 27. b5 f5 28. Nc5 b6 29. Na6 Rd6 30. Rc1 cxb5 31. axb5 Kh6 32. Nb4 f4 33. Kf2 fxe3+ 34. Kxe3 Ng6 35. g3 Ne7 36. g4 Ng6 37. Rc6 Rxc6 38. Nxc6 Nxh4 39. Rxa7 Rxa7 40. Nxa7 Kg5 41. Ke4 Kxg4 42. Nc8 Kg5 43. Nxb6 Kf6 44. Nc8 Ng6 45. d5 Nf8 46. d6 Nd7 47. Ne7 e5 48. Kd5 e4 49. Kxe4 Ke6 50. Nc8 Nc5+ 51. Kd4 Nb7 52. Kc4 Nxd6+ 53. Nxd6 1/2-1/2

[Event "Aragon-chT Honor Gr II"]
[Site "Aragon"]
[Date "2023.02.25"]
[Round "5.12"]
[White "Canales Navarro, Carlos"]
[Black "Miranda Herrera, Miguel"]
[Result "0-1"]
[WhiteElo "1581"]
[BlackElo "1976"]
[PlyCount "82"]
[EventDate "2023.01.28"]
[EventType "team-tourn"]
[EventRounds "7"]
[EventCountry "ESP"]
[SourceTitle "EXT 2024"]
[Source "ChessBase"]
[SourceDate "2023.10.10"]
[SourceVersion "1"]
[SourceVersionDate "2023.10.10"]
[SourceQuality "1"]
[WhiteTeam "Fraga"]
[BlackTeam "Marcos Frechin"]
[WhiteTeamCountry "ESP"]
[BlackTeamCountry "ESP"]

1. c4 e6 2. e4 d5 3. e5 dxc4 4. Bxc4 Qd4 5. Qe2 Bd7 6. Nf3 Qg4 7. 0-0 Bc6 8. Bb5 Nh6 9. h3 Qh5 10. Re1 Be7 11. d4 g5 12. Nxg5 Qxe2 13. Bxe2 Nf5 14. Nf3 Rg8 15. Be3 Nd7 16. Nc3 0-0-0 17. d5 exd5 18. Bb5 Nxe3 19. Rxe3 d4 20. Bxc6 dxe3 21. Bxd7+ Rxd7 22. fxe3 a6 23. Ne4 b5 24. Rc1 Kb7 25. Nf6 Bxf6 26. exf6 Rd6 27. Ne5 Rd2 28. g4 Re8 29. Nxf7 Rf8 30. Ng5 Rxf6 31. Nxh7 Rff2 32. Ng5 Rg2+ 33. Kh1 Rh2+ 34. Kg1 Rdg2+ 35. Kf1 Rxb2 36. Kg1 Rbg2+ 37. Kf1 Rxa2 38. Kg1 b4 39. e4 Rag2+ 40. Kf1 Rh1+ 41. Kxg2 Rxc1 0-1

[Event "Estadilla op 33rd"]
[Site "Estadilla"]
[Date "2019.05.19"]
[Round "2"]
[White "Quintin Navarro, Alberto"]
[Black "Miranda Herrera, Miguel"]
[Result "1-0"]
[WhiteElo "2384"]
[BlackElo "1888"]
[PlyCount "47"]
[EventDate "2019.05.19"]
[EventType "swiss (rapid)"]
[EventRounds "9"]
[EventCountry "ESP"]
[SourceTitle "EXT 2020"]
[Source "ChessBase"]
[SourceDate "2019.10.17"]
[SourceVersion "1"]
[SourceVersionDate "2019.10.17"]
[SourceQuality "1"]

1. e4 e5 2. Nf3 Nf6 3. Nxe5 d6 4. Nf3 Nxe4 5. Nc3 Nxc3 6. dxc3 Nc6 7. Be3 Be7 8. Qd2 Be6 9. 0-0-0 Qd7 10. Kb1 h6 11. h3 0-0-0 12. Nd4 Nxd4 13. Qxd4 b6 14. Qxg7 c5 15. c4 Rhg8 16. Qxh6 Qa4 17. Qf4 Bg5 18. Qf3 b5 19. Bxg5 Rxg5 20. Qc6+ Kb8 21. Rxd6 Rxd6 22. Qxd6+ Kb7 23. Qe7+ Kb6 24. Qxg5 1-0

[Event "Reykjavik op"]
[Site "Reykjavik"]
[Date "2018.03.07"]
[Round "3"]
[White "Miranda Herrera, Miguel"]
[Black "Marentini, Marcel"]
[Result "0-1"]
[WhiteElo "1722"]
[BlackElo "2024"]
[PlyCount "38"]
[EventDate "2018.03.06"]
[EventType "swiss"]
[EventRounds "9"]
[EventCountry "ISL"]
[SourceTitle "CBM 183 Extra"]
[Source "ChessBase"]
[SourceDate "2018.04.19"]
[SourceVersion "1"]
[SourceVersionDate "2018.04.19"]
[SourceQuality "1"]

1. e4 d6 2. d4 Nf6 3. Nc3 e5 4. Nge2 Nc6 5. Bg5 Be7 6. h3 0-0 7. f4 exf4 8. Nxf4 Nxe4 9. Bd3 Ng3 10. Bxe7 Qxe7+ 11. Kd2 Nxh1 12. Bxh7+ Kxh7 13. Qh5+ Kg8 14. Ncd5 Qe4 15. Re1 Qf5 16. Qh4 Be6 17. Nxc7 Nxd4 18. Nh5 Qxc2+ 19. Ke3 Nf5+ 0-1

[Event "Aragon-chT Preferente A"]
[Site "Aragon"]
[Date "2017.02.04"]
[Round "2.48"]
[White "Miranda Herrera, Miguel"]
[Black "Carruez Gracia, Eduardo"]
[Result "0-1"]
[WhiteElo "1496"]
[BlackElo "1850"]
[PlyCount "82"]
[EventDate "2017.01.28"]
[EventType "team-tourn"]
[EventRounds "9"]
[EventCountry "ESP"]
[SourceTitle "EXT 2018"]
[Source "ChessBase"]
[SourceDate "2017.10.13"]
[SourceVersion "1"]
[SourceVersionDate "2017.10.13"]
[SourceQuality "1"]
[WhiteTeam "Monsalud"]
[BlackTeam "Agrupacion III"]
[WhiteTeamCountry "ESP"]
[BlackTeamCountry "ESP"]

1. d3 d5 2. Nf3 Nf6 3. d4 g6 4. g3 Bg7 5. Bg2 0-0 6. 0-0 c5 7. c3 Nc6 8. Bf4 Qb6 9. Qb3 c4 10. Qc2 Bf5 11. Qc1 Qd8 12. Ne5 Nd7 13. Nxc6 bxc6 14. Nd2 e5 15. dxe5 Nxe5 16. Rd1 Qe7 17. Nf3 Nxf3+ 18. Bxf3 Be4 19. Qe3 Rfe8 20. Bg2 Bf5 21. Kf1 Qxe3 22. Bxe3 Reb8 23. Rxd5 cxd5 24. Bxd5 Be6 25. Bxa8 Rxa8 26. Bd4 Bxd4 27. cxd4 Rb8 28. b3 cxb3 29. axb3 Rb7 30. b4 Bc4 31. Ke1 a6 32. Kd2 Kf8 33. e4 Ke7 34. Kc3 Bb5 35. Re1 Ba4 36. Ra1 Rc7+ 37. Kd3 Bb5+ 38. Ke3 Rc3+ 39. Kf4 Rc4 40. Rd1 Rxb4 41. Ke5 Be2 0-1

[Event "Zaragoza Province-ch Primera"]
[Site "Zaragoza"]
[Date "2015.10.25"]
[Round "4"]
[White "Miranda Herrera, Miguel"]
[Black "Garcia Garcia, Enrique"]
[Result "1-0"]
[WhiteElo "1318"]
[BlackElo "1750"]
[PlyCount "93"]
[EventDate "2015.09.27"]
[EventType "swiss"]
[EventRounds "6"]
[EventCountry "ESP"]
[SourceTitle "CBM 170 Extra"]
[Source "ChessBase"]
[SourceDate "2016.02.25"]
[SourceVersion "1"]
[SourceVersionDate "2016.02.25"]
[SourceQuality "1"]

1. d3 c5 2. Nf3 g6 3. g3 Bg7 4. Bg2 Nc6 5. Nbd2 e6 6. Rb1 d5 7. a3 a5 8. 0-0 Nge7 9. Nb3 Qb6 10. e4 0-0 11. c3 a4 12. Nbd2 Bd7 13. c4 d4 14. b4 cxb4 15. axb4 Nxb4 16. Ba3 Nec6 17. Rb2 Rfb8 18. e5 Bf8 19. Ne4 Qc7 20. Qd2 Kg7 21. Bxb4 Bxb4 22. Rxb4 Nxb4 23. Qxb4 Bc6 24. Nxd4 Bxe4 25. Bxe4 Qxe5 26. Nb5 g5 27. Qc3 Qxc3 28. Nxc3 a3 29. Ra1 Ra5 30. Nb5 a2 31. Nc3 Ra3 32. Nb5 Ra5 33. Kf1 f5 34. Bf3 Rd8 35. Ke2 b6 36. Kd2 e5 37. Kc3 Kf6 38. Bd1 e4 39. d4 f4 40. gxf4 gxf4 41. Bb3 Rg8 42. c5 Rg7 43. Kb4 Rg5 44. d5 Ra6 45. c6 Rg8 46. d6 Rc8 47. d7 1-0